Statistics for Top 20 Least Forested Countries

Click here to take the quiz!

General Stats

  • This quiz has been taken 2,175 times
  • The average score is 11 of 20

Answer Stats

% forestedcountry% Correct
1.3Saudi Arabia
89%
0.1Egypt
88%
1.7Algeria
85%
0.1Libya
84%
0.9Yemen
81%
1.9Iraq
79%
2.5Syria
68%
1.0Jordan
66%
0.3Kuwait
65%
0.3Mauritania
59%
0.3Afghanistan
51%
3.6Ethiopia
46%
0.3Djibouti
43%
1.0Iceland
39%
2.0Kazakhstan
38%
2.9Tajikistan
36%
2.3Kenya
25%
0.3Lesotho
20%
1.0Eswatini
16%
1.5Haiti
15%

Score Distribution

Percentile by Number Answered

Percent of People with Each Score

Your Score History

You have not taken this quiz